[Event "FB1 1920 TuRa Harksheide  - SC Bad Köni"]
[Site "?"]
[Date "2020.02.01"]
[Round "5.3"]
[White "Savina, Anastasia"]
[Black "Utiatskaja, Irina"]
[Result "1-0"]
[WhiteElo "2348"]
[BlackElo "2143"]
[PlyCount "87"]
[EventDate "2020.??.??"]

1. d4 Nf6 2. Nf3 g6 3. Nc3 d5 4. Bf4 Bg7 5. Nb5 Na6 6. e3 c6 7. Nc3 Qa5 8. Qd2
Nb4 9. a3 O-O 10. Rc1 Na6 11. h3 b5 12. Be2 Qb6 13. O-O Nc7 14. Qd1 Nce8 15.
Nd2 Nd6 16. Bf3 Bb7 17. Be5 Rfd8 18. Ra1 e6 19. a4 a5 20. Be2 b4 21. Na2 c5 22.
dxc5 Qxc5 23. c3 Nc4 24. Bd4 Qe7 25. cxb4 axb4 26. b3 Na5 27. Rc1 Rdc8 28. Nf3
Rxc1 29. Nxc1 Nc6 30. Bb2 e5 31. Bb5 Ne4 32. Ne2 Ng5 33. Nxg5 Qxg5 34. f4 Qe7
35. Bxc6 Bxc6 36. fxe5 Bxe5 37. Bxe5 Qxe5 38. Qd4 Qe7 39. Nf4 Re8 40. Rf3 Qe4
41. Qf6 d4 42. Nh5 Qe5 43. Qxf7+ Kh8 44. Qf8+ 1-0

[Event "FB1 1920 TuRa Harksheide  - SC Bad Köni"]
[Site "?"]
[Date "2020.02.01"]
[Round "5.4"]
[White "Gosciniak, Maria"]
[Black "Obolentseva, Alexandra"]
[Result "1/2-1/2"]
[WhiteElo "2091"]
[BlackElo "2299"]
[PlyCount "108"]
[EventDate "2020.??.??"]

1. Nf3 Nf6 2. g3 g6 3. Bg2 Bg7 4. O-O c5 5. c4 O-O 6. Nc3 Nc6 7. d3 a6 8. Rb1
b5 9. b3 Ne8 10. Bb2 Nc7 11. Ne4 Bxb2 12. Rxb2 d6 13. Qd2 f6 14. Qh6 Rf7 15.
Nc3 Bd7 16. Nd5 Nxd5 17. cxd5 Ne5 18. Nxe5 fxe5 19. e4 Qa5 20. Qe3 Qc3 21. Re2
a5 22. Rc1 Qb4 23. f4 Bg4 24. Rf2 Raf8 25. h3 Bd7 26. Rcf1 Qd4 27. Qxd4 cxd4
28. fxe5 Rxf2 29. Rxf2 dxe5 30. Rxf8+ Kxf8 31. Kf2 Ke8 32. Ke1 Kd8 33. Kd2 Kc7
34. a3 b4 35. axb4 axb4 36. Kc2 Kd6 37. h4 Bg4 38. Bf1 e6 39. dxe6 Ke7 40. Kd2
Bxe6 41. Kc2 g5 42. Be2 Kf6 43. Bd1 Kg6 44. Kd2 Kh6 45. Ke1 Bd7 46. Kf2 Bb5 47.
Be2 Be8 48. Bd1 Bd7 49. Kg2 Be6 50. Kh2 Bf7 51. Kg2 Bg6 52. Kf2 Bh5 53. g4 Bf7
54. h5 Kg7 1/2-1/2

[Event "FB1 1920 TuRa Harksheide  - SC Bad Köni"]
[Site "?"]
[Date "2020.02.01"]
[Round "5.5"]
[White "Babiy, Olga"]
[Black "Brandt, Carina"]
[Result "1-0"]
[WhiteElo "2212"]
[BlackElo "2045"]
[PlyCount "99"]
[EventDate "2020.??.??"]

1. e4 e6 2. d4 d5 3. Nc3 Bb4 4. e5 c5 5. a3 Bxc3+ 6. bxc3 Ne7 7. Qg4 cxd4 8.
Bd3 Qc7 9. Ne2 dxc3 10. Qxg7 Rg8 11. Qxh7 Qxe5 12. h4 Nbc6 13. Bf4 Qh8 14. Qxh8
Rxh8 15. Nxc3 e5 16. Bg5 f5 17. O-O-O Be6 18. Bb5 Kf7 19. Rhe1 Rac8 20. Kb2 d4
21. Na4 a6 22. Bf1 Nd5 23. Rd2 b5 24. Nc5 Nc3 25. f3 Bc4 26. Bd3 Na5 27. Nd7 e4
28. fxe4 Bxd3 29. Ne5+ Ke6 30. exf5+ Bxf5 31. Nc6+ Kd5 32. Nxa5 Na4+ 33. Kb1
Nc3+ 34. Kb2 Na4+ 35. Kb1 Nc3+ 36. Ka1 Rhe8 37. Rf1 Bg6 38. Nb3 Rc4 39. Bf6 Re2
40. Rxd4+ Rxd4 41. Nxd4 Rd2 42. g4 Rxd4 43. Bxd4 Kxd4 44. Kb2 Nd5 45. h5 Be4
46. Rf7 Ke5 47. h6 Nf6 48. g5 Nh7 49. Re7+ Kf4 50. Rxe4+ 1-0

[Event "FB1 1920 TuRa Harksheide  - SC Bad Köni"]
[Site "?"]
[Date "2020.02.01"]
[Round "5.6"]
[White "Rosmait, Emily"]
[Black "Schoene, Maria"]
[Result "0-1"]
[WhiteElo "1894"]
[BlackElo "2170"]
[PlyCount "72"]
[EventDate "2020.??.??"]

1. e4 c5 2. Nf3 d6 3. Bb5+ Bd7 4. Bxd7+ Qxd7 5. O-O Nf6 6. Re1 e6 7. c4 e5 8.
a3 Nc6 9. Nc3 g6 10. Rb1 Bg7 11. b4 O-O 12. bxc5 dxc5 13. Nd5 Nh5 14. d3 Nd4
15. Nxd4 cxd4 16. a4 Rfe8 17. Ba3 Nf4 18. Rb5 Rab8 19. Nxf4 exf4 20. Rd5 Qe6
21. Bd6 Rbc8 22. Bxf4 f5 23. Qb3 fxe4 24. Qxb7 Re7 25. Qb4 Qf7 26. Bg5 Rb7 27.
Qd2 h6 28. Bh4 exd3 29. Qxd3 Rbc7 30. h3 Rxc4 31. Rd6 Rc1 32. Rd8+ Kh7 33. Rxc1
Rxc1+ 34. Kh2 Qc7+ 35. g3 Qb7 36. g4 Be5+ 0-1

[Event "FB1 1920 OSG Baden-Baden - SV Medizin E"]
[Site "?"]
[Date "2020.02.01"]
[Round "5.2"]
[White "Paehtz, Elisabeth"]
[Black "Nguyen, Ha Thanh"]
[Result "1-0"]
[WhiteElo "2472"]
[BlackElo "2019"]
[PlyCount "119"]
[EventDate "2020.??.??"]

1. e4 c5 2. Nf3 Nc6 3. d4 cxd4 4. Nxd4 g6 5. c4 Bg7 6. Be3 Nf6 7. Nc3 O-O 8.
Be2 d6 9. O-O Bd7 10. Nc2 Qc8 11. f3 b6 12. Qd2 Re8 13. Rac1 Qb7 14. Rfd1 Rac8
15. b3 Ne5 16. Kh1 h5 17. h3 Kh7 18. f4 Nc6 19. Bf3 Qb8 20. Nd5 Rcd8 21. Na3
Qc8 22. Kg1 Be6 23. Nb5 Qd7 24. Qf2 Bxd5 25. cxd5 Nb8 26. a4 Rc8 27. e5 Ng8 28.
Be4 Nh6 29. Bd4 a6 30. Na3 dxe5 31. fxe5 Rxc1 32. Rxc1 Rc8 33. Rf1 b5 34. axb5
axb5 35. Qe2 Nc6 36. Nxb5 Nxd4 37. Nxd4 Bxe5 38. Nc6 Bg7 39. Qc4 Re8 40. b4 f5
41. Bf3 Nf7 42. b5 Nd6 43. Qc5 Bf6 44. b6 Rc8 45. Re1 Qb7 46. Kh1 Ra8 47. Na5
Qa6 48. b7 Nxb7 49. Rxe7+ Bxe7 50. Qxe7+ Kh6 51. Nxb7 Qf1+ 52. Kh2 Ra1 53. Nd6
Qg1+ 54. Kg3 f4+ 55. Kxf4 Qh2+ 56. g3 Qd2+ 57. Ke5 Qc3+ 58. Ke6 Re1+ 59. Be4
Qxg3 60. Nf7+ 1-0

[Event "FB1 1920 OSG Baden-Baden - SV Medizin E"]
[Site "?"]
[Date "2020.02.01"]
[Round "5.3"]
[White "Reuter, Elisa"]
[Black "Zatonskih, Anna"]
[Result "0-1"]
[WhiteElo "1886"]
[BlackElo "2425"]
[PlyCount "90"]
[EventDate "2020.??.??"]

1. e4 e6 2. d4 d5 3. Nc3 Bb4 4. e5 Qd7 5. a3 Bxc3+ 6. bxc3 b6 7. Qg4 f5 8. Qh5+
g6 9. Qd1 Ba6 10. Bxa6 Nxa6 11. Qd3 Nb8 12. h4 h6 13. Be3 Nc6 14. Nf3 Na5 15.
Nd2 Qa4 16. O-O Nc4 17. Nxc4 dxc4 18. Qe2 Qc6 19. Rab1 a5 20. f4 Ne7 21. Ra1
Qe4 22. Qf3 Qxf3 23. Rxf3 Nd5 24. Bd2 Kd7 25. Kf2 b5 26. Rb1 Rab8 27. Rg3 Rhg8
28. Rf3 Kc6 29. Ke2 Kd7 30. Kf2 c5 31. dxc5 Kc6 32. Ke2 Kxc5 33. Be3+ Kc6 34.
Bd2 Rb7 35. Rb2 Kc5 36. Be3+ Nxe3 37. Kxe3 g5 38. hxg5 hxg5 39. g3 gxf4+ 40.
gxf4 Rh7 41. Rb1 Rg2 42. Rf2 Rh3+ 43. Ke2 Rxf2+ 44. Kxf2 Rxc3 45. Rb2 Rxa3 0-1

[Event "FB1 1920 OSG Baden-Baden - SV Medizin E"]
[Site "?"]
[Date "2020.02.01"]
[Round "5.4"]
[White "Kovalevskaya, Ekaterina"]
[Black "Mueller-Ludwig, Kristin"]
[Result "1-0"]
[WhiteElo "2407"]
[BlackElo "2055"]
[PlyCount "45"]
[EventDate "2020.??.??"]

1. Nf3 Nf6 2. g3 g6 3. Bg2 Bg7 4. O-O O-O 5. d4 d6 6. Re1 Nbd7 7. e4 e5 8. Nc3
Re8 9. h3 a6 10. a4 a5 11. Be3 c6 12. Qd2 Qc7 13. Rad1 h5 14. Ng5 Nh7 15. d5 c5
16. Nb5 Qb6 17. Nxh7 Kxh7 18. f4 Nb8 19. Rf1 f5 20. fxe5 Bxe5 21. Qe2 Rf8 22.
exf5 Bxf5 23. g4 1-0

[Event "FB1 1920 Karlsruher SF 1853 - SK Lehrte"]
[Site "?"]
[Date "2020.02.01"]
[Round "5.2"]
[White "Georgescu, Lena"]
[Black "Newrkla, Katharina"]
[Result "1/2-1/2"]
[WhiteElo "2285"]
[BlackElo "2239"]
[PlyCount "106"]
[EventDate "2020.??.??"]

1. e4 c5 2. Nf3 d6 3. d4 cxd4 4. Nxd4 Nf6 5. Nc3 a6 6. Be3 e5 7. Nb3 Be7 8. h3
Be6 9. f4 exf4 10. Bxf4 Nc6 11. Qe2 Ne5 12. O-O-O Qc7 13. Nd4 Rc8 14. Kb1 Qa5
15. Nb3 Qc7 16. g4 Nc4 17. Nd5 Bxd5 18. exd5 O-O 19. Qxc4 Qxc4 20. Bxc4 Rxc4
21. Bh2 Rfc8 22. c3 Bf8 23. Nd2 R4c7 24. c4 b5 25. b3 Rb7 26. Rc1 bxc4 27. Nxc4
Nxd5 28. Nxd6 Rxc1+ 29. Rxc1 Bxd6 30. Bxd6 f6 31. Rc6 Rb6 32. Rc8+ Kf7 33. Rd8
Nc3+ 34. Kb2 Ne4 35. Bf4 Rc6 36. Rd3 g5 37. Be3 Kg6 38. b4 f5 39. gxf5+ Kxf5
40. Rd5+ Kf6 41. Rd8 Rd6 42. Rxd6+ Nxd6 43. Kc3 h5 44. a4 g4 45. hxg4 hxg4 46.
Bf4 Ke6 47. Kd4 Kd7 48. Kc5 Ne4+ 49. Kb6 Nc3 50. Kxa6 Nxa4 51. Be5 Ke6 52. Bg3
Nc3 53. b5 Nxb5 1/2-1/2

[Event "FB1 1920 Karlsruher SF 1853 - SK Lehrte"]
[Site "?"]
[Date "2020.02.01"]
[Round "5.3"]
[White "Hapala, Elisabeth"]
[Black "Mader, Manuela"]
[Result "1/2-1/2"]
[WhiteElo "2170"]
[BlackElo "2231"]
[PlyCount "154"]
[EventDate "2020.??.??"]

1. e4 c6 2. d4 d5 3. e5 Bf5 4. Nf3 e6 5. Be2 h6 6. O-O Ne7 7. Nbd2 Bh7 8. Nb3
Nf5 9. Bd3 Be7 10. g4 Nh4 11. Bxh7 Rxh7 12. Nxh4 Bxh4 13. Qd3 Rh8 14. f4 Nd7
15. f5 Qe7 16. Na5 O-O-O 17. Bf4 Nb6 18. Kh1 Bg5 19. Bg3 h5 20. f6 gxf6 21.
exf6 Qd7 22. gxh5 Nc4 23. Qe2 b6 24. Nxc4 dxc4 25. Qxc4 Rxh5 26. c3 Bh4 27. Be5
Kb7 28. a4 c5 29. Qe2 Qc6+ 30. Qf3 cxd4 31. cxd4 Rh6 32. Rac1 Qxf3+ 33. Rxf3
Rd7 34. Rh3 Bg5 35. Rxh6 Bxc1 36. Rh7 Bxb2 37. h4 Kc6 38. h5 Bxd4 39. Bxd4 Rxd4
40. h6 Rxa4 41. Kg2 Rg4+ 42. Kf3 Rg6 43. Rxf7 Rxh6 44. Ke4 Kd6 45. Rf8 Rh4+ 46.
Ke3 Ke5 47. Kd3 Rd4+ 48. Kc3 Rd7 49. Kc4 Kf5 50. Kb5 Kg6 51. Kc6 Rf7 52. Re8
Kxf6 53. Kd6 e5 54. Re6+ Kf5 55. Rxe5+ Kf4 56. Re1 Rf6+ 57. Kd5 Kf5 58. Re7 a5
59. Re1 Kg6 60. Kc4 Kf7 61. Kb5 Re6 62. Rh1 Ke7 63. Rh7+ Kd8 64. Rh8+ Kd7 65.
Rh7+ Kd8 66. Rh8+ Ke7 67. Rh7+ Kf6 68. Rd7 Ke5 69. Rd1 Rd6 70. Re1+ Kd5 71. Re2
Rf6 72. Rd2+ Ke4 73. Rd1 Rf3 74. Kxb6 a4 75. Kb5 a3 76. Kb4 a2 77. Ra1 Rf2
1/2-1/2

[Event "FB1 1920 Karlsruher SF 1853 - SK Lehrte"]
[Site "?"]
[Date "2020.02.01"]
[Round "5.4"]
[White "Schmidt, Jessica"]
[Black "Duessler, Stefanie"]
[Result "1-0"]
[WhiteElo "2243"]
[BlackElo "2112"]
[PlyCount "95"]
[EventDate "2020.??.??"]

1. d4 f5 2. c4 Nf6 3. Nc3 d6 4. Nf3 g6 5. g3 Bg7 6. Bg2 O-O 7. O-O Qe8 8. d5
Na6 9. Nd4 Bd7 10. Rb1 c6 11. Re1 Nc7 12. Bf4 Nh5 13. Qd2 Nxf4 14. gxf4 c5 15.
Nf3 b5 16. cxb5 Nxb5 17. Nxb5 Bxb5 18. Ng5 Bd7 19. Rec1 a5 20. b3 h6 21. Ne6
Bxe6 22. dxe6 Ra7 23. Bd5 Qb5 24. a4 Qb6 25. e3 Rc7 26. Kh1 Rcc8 27. Rg1 Kh7
28. Qd3 Qb4 29. Rbc1 Rb8 30. Rg2 Bf6 31. Rcg1 Rg8 32. Rxg6 Rxg6 33. Qxf5 Rbg8
34. Be4 Qxe4+ 35. Qxe4 h5 36. Rxg6 Rxg6 37. Qb7 Rg7 38. Qb5 Bh4 39. Qe2 Kh6 40.
h3 Rg8 41. f5 Rb8 42. Qc2 Rb4 43. f4 Bf6 44. Qg2 Kh7 45. Qg6+ Kh8 46. Qxh5+ Kg8
47. Qd1 Kg7 48. Kg2 1-0

[Event "FB1 1920 Karlsruher SF 1853 - SK Lehrte"]
[Site "?"]
[Date "2020.02.01"]
[Round "5.6"]
[White "Moingt, Anne"]
[Black "Boehm, Jana"]
[Result "1-0"]
[WhiteElo "2068"]
[BlackElo "1996"]
[PlyCount "79"]
[EventDate "2020.??.??"]

1. e4 e6 2. d4 d5 3. Nd2 Nf6 4. e5 Nfd7 5. Bd3 c5 6. c3 Nc6 7. Ne2 cxd4 8. cxd4
f6 9. exf6 Nxf6 10. Nf3 Bd6 11. O-O Qc7 12. Bg5 O-O 13. Bh4 Nh5 14. Nc3 a6 15.
Re1 Nf4 16. Bb1 Bd7 17. Bg3 Rae8 18. Ng5 g6 19. Nxh7 Kxh7 20. Bxf4 Kg7 21. Qd3
Rf5 22. Bxd6 Qxd6 23. Ne2 Rf6 24. a3 Rh8 25. Qg3 Qf8 26. Bd3 Rh5 27. Rac1 Qf7
28. f4 Kf8 29. Qe3 Qh7 30. Qg3 Qg7 31. Bb1 Be8 32. Rcd1 g5 33. Rf1 g4 34. f5
exf5 35. Nf4 Rg5 36. Nxd5 Rf7 37. Nf4 Nxd4 38. Qc3 Rd7 39. Rxd4 Rxd4 40. Ne6+
1-0

[Event "FB1 1920 Schachfreunde Deizisau - Rodew"]
[Site "?"]
[Date "2020.02.01"]
[Round "5.1"]
[White "Majdan, Joanna"]
[Black "Michna, Marta"]
[Result "1/2-1/2"]
[WhiteElo "2328"]
[BlackElo "2359"]
[PlyCount "66"]
[EventDate "2020.??.??"]

1. e4 e6 2. d4 d5 3. Nd2 Nf6 4. e5 Nfd7 5. Bd3 c5 6. c3 Nc6 7. Ne2 a5 8. O-O
cxd4 9. cxd4 Nb6 10. Nf3 Be7 11. Nf4 Bd7 12. Nh5 g6 13. Nf6+ Bxf6 14. exf6 Qxf6
15. Bg5 Qg7 16. Qb3 Nc8 17. Qxb7 Ra7 18. Qb3 O-O 19. Rac1 f6 20. Be3 N8e7 21.
Rc5 Rb8 22. Qc3 Nb4 23. Bb1 Rbb7 24. Rc1 a4 25. Qd2 g5 26. h4 h6 27. hxg5 hxg5
28. R5c3 Nf5 29. a3 Na6 30. Bd3 Nc7 31. Qc2 Ne8 32. g4 Nfd6 33. Kg2 Bb5 1/2-1/2

[Event "FB1 1920 Schachfreunde Deizisau - Rodew"]
[Site "?"]
[Date "2020.02.01"]
[Round "5.2"]
[White "Schleining, Zoya"]
[Black "Theissl Pokorna, Regina"]
[Result "1-0"]
[WhiteElo "2309"]
[BlackElo "2312"]
[PlyCount "105"]
[EventDate "2020.??.??"]

1. c4 Nf6 2. Nc3 e6 3. e4 c5 4. Nf3 Nc6 5. Be2 d6 6. d4 cxd4 7. Nxd4 Be7 8. O-O
O-O 9. Be3 a6 10. Rc1 Bd7 11. Nc2 Rc8 12. f3 Ne5 13. Na3 Bc6 14. Qb3 Qe8 15.
Rfd1 Nfd7 16. Rd2 b6 17. Qd1 Ba8 18. f4 Ng6 19. e5 dxe5 20. Rxd7 exf4 21. Bxb6
Ne5 22. Rxe7 Qxe7 23. Bf1 f3 24. c5 Qh4 25. Qe1 Qg5 26. h4 f2+ 27. Kxf2 Qxh4+
28. Kg1 Qg5 29. Ne4 Nf3+ 30. Kf2 Bxe4 31. gxf3 Bb7 32. Nc4 Qf4 33. Qe3 Qh2+ 34.
Bg2 Qh4+ 35. Kg1 Bd5 36. b3 f5 37. Nd6 Rc6 38. Rd1 f4 39. Qe5 h6 40. Rxd5 exd5
41. Qxd5+ Kh8 42. Kf1 Rxb6 43. cxb6 Qf6 44. b7 Qa1+ 45. Kf2 Qxa2+ 46. Kg1 Qa1+
47. Bf1 Qc1 48. Nf7+ Kh7 49. Qf5+ Kg8 50. Nxh6+ gxh6 51. Qg6+ Kh8 52. Qxh6+ Kg8
53. Qxf8+ 1-0

[Event "FB1 1920 Schachfreunde Deizisau - Rodew"]
[Site "?"]
[Date "2020.02.01"]
[Round "5.3"]
[White "Lubbe, Melanie"]
[Black "Koepke, Elena"]
[Result "0-1"]
[WhiteElo "2227"]
[BlackElo "2280"]
[PlyCount "126"]
[EventDate "2020.??.??"]

1. e4 e5 2. Bc4 Nf6 3. d3 c6 4. Nf3 Be7 5. O-O d6 6. Re1 O-O 7. Nbd2 Nbd7 8. a4
Nc5 9. Nf1 Nxa4 10. Rxa4 b5 11. Ra1 bxc4 12. dxc4 Qc7 13. b3 Re8 14. h3 Bf8 15.
Bg5 Nd7 16. Ng3 Nc5 17. Nh2 Ne6 18. Be3 g6 19. Ng4 Bg7 20. Qd2 h5 21. Nh2 Kh7
22. Ra3 Bf8 23. Ra2 a6 24. Ne2 Ng7 25. Nf3 Kg8 26. Bg5 Bb7 27. Rd1 Re6 28. Nc3
f6 29. Be3 Ree8 30. Qe2 Ne6 31. Nh4 Qg7 32. Kh2 Rad8 33. Raa1 Be7 34. g4 hxg4
35. Qxg4 Nf8 36. Rg1 Bc8 37. Qf3 Qh7 38. Nf5 Kh8 39. Nh6 g5 40. Nf5 Ng6 41. Bb6
Rd7 42. Ne2 Bf8 43. Rad1 Kg8 44. Ba5 Qh8 45. Rg3 Rh7 46. Bb4 c5 47. Ba5 Nh4 48.
Nxh4 Rxh4 49. Nc3 Kf7 50. Nd5 g4 51. Qg2 Bh6 52. Bd2 Bxd2 53. Rxd2 Rxh3+ 54.
Rxh3 gxh3 55. Qf3 Rg8 56. Ne3 Qg7 57. Qd1 Qg5 58. Rxd6 Qf4+ 59. Kh1 Qxe4+ 60.
f3 Qxe3 61. Qd5+ Kg7 62. Qd1 Kh8 63. Rxf6 Qg5 0-1

[Event "FB1 1920 Schachfreunde Deizisau - Rodew"]
[Site "?"]
[Date "2020.02.01"]
[Round "5.4"]
[White "Klek, Hanna Marie"]
[Black "Movsesian, Julia"]
[Result "1-0"]
[WhiteElo "2295"]
[BlackElo "2312"]
[PlyCount "99"]
[EventDate "2020.??.??"]

1. d4 d5 2. c4 e6 3. Nc3 a6 4. cxd5 exd5 5. Nf3 Nf6 6. Bg5 Be7 7. e3 O-O 8. Bd3
Nbd7 9. O-O Re8 10. Rc1 Nf8 11. Ne5 g6 12. f4 Ne6 13. Bxf6 Bxf6 14. f5 Ng7 15.
fxg6 hxg6 16. Rxf6 Qxf6 17. Nxd5 Qg5 18. Qf3 Bf5 19. Rxc7 Rac8 20. Bc4 Rxc7 21.
Nxc7 Rf8 22. h3 Be6 23. b3 b5 24. Bd3 Bf5 25. Bf1 Bc8 26. e4 Bb7 27. Nd7 Rc8
28. Nf6+ Kh8 29. Ncd5 Ne6 30. Qf2 Bxd5 31. Nxd5 f5 32. h4 Qg4 33. Ne7 Re8 34.
Nxg6+ Qxg6 35. exf5 Qf6 36. fxe6 Rxe6 37. g3 Rd6 38. Qxf6+ Rxf6 39. Bg2 a5 40.
Be4 b4 41. Kg2 Kg7 42. Bf3 Rd6 43. d5 Kf6 44. Kf2 Ke5 45. Ke3 Rd8 46. h5 Rc8
47. Be4 Rc1 48. h6 Kf6 49. h7 Kg7 50. d6 1-0

[Event "FB1 1920 Schachfreunde Deizisau - Rodew"]
[Site "?"]
[Date "2020.02.01"]
[Round "5.5"]
[White "Hagarova, Zuzana"]
[Black "Misanovic, Vesna"]
[Result "1-0"]
[WhiteElo "2280"]
[BlackElo "2258"]
[PlyCount "147"]
[EventDate "2020.??.??"]

1. e4 e5 2. Bc4 Nf6 3. d3 Bc5 4. Nc3 c6 5. Qf3 b5 6. Bb3 d6 7. h3 a5 8. a4 b4
9. Nd1 Be6 10. Ne2 Nbd7 11. Ne3 Bxb3 12. cxb3 g6 13. O-O O-O 14. Ng3 Bd4 15.
Nc2 Bb6 16. Bg5 Qe7 17. Rad1 Rac8 18. Kh1 Qe6 19. Ne3 Kh8 20. Nc4 Bc7 21. d4
Ng8 22. d5 cxd5 23. exd5 Qe8 24. Ne4 f6 25. Be3 Qe7 26. Qe2 Rfe8 27. f3 f5 28.
Bg5 Qf8 29. Nf2 h6 30. Bc1 Nc5 31. Qc2 Nf6 32. Nd3 Ncd7 33. Qf2 Kh7 34. Qh4 Qg7
35. Qf2 Re7 36. Qa7 e4 37. Nf4 Nc5 38. Be3 Bd8 39. Ne6 Nxe6 40. Qa6 Rxc4 41.
bxc4 f4 42. Bc1 e3 43. Rfe1 Bc7 44. dxe6 Rxe6 45. b3 Nd7 46. Qc8 Nc5 47. Bb2
Qxb2 48. Qxc7+ Qg7 49. Qxa5 e2 50. Rb1 Qc3 51. Qc7+ Kg8 52. a5 Nd3 53. a6 Nxe1
54. a7 Re8 55. Qc6 Kf7 56. Qxe8+ Kxe8 57. a8=Q+ Kd7 58. Qa7+ Kc6 59. Qf2 Nd3
60. Qxe2 Nc5 61. Qe8+ Kc7 62. Qf7+ Kb6 63. Qxg6 Qd2 64. Qf6 Nxb3 65. Qd8+ Kc6
66. Qc8+ Kb6 67. Qb8+ Kc6 68. Qb5+ Kc7 69. Qa4 Nd4 70. Qa5+ Kc6 71. Qd5+ Kc7
72. Ra1 b3 73. Qf7+ Kb6 74. Qa7+ 1-0

[Event "FB1 1920 Schachfreunde Deizisau - Rodew"]
[Site "?"]
[Date "2020.02.01"]
[Round "5.6"]
[White "Jelica, Mara"]
[Black "Korenova, Martina"]
[Result "1/2-1/2"]
[WhiteElo "2088"]
[BlackElo "2154"]
[PlyCount "151"]
[EventDate "2020.??.??"]

1. e4 e5 2. Nf3 Nc6 3. Bb5 a6 4. Ba4 Nf6 5. O-O Be7 6. Re1 b5 7. Bb3 O-O 8. d4
d6 9. c3 Bg4 10. Be3 exd4 11. cxd4 Na5 12. Bc2 Nc4 13. Bc1 c5 14. b3 Nb6 15.
Bb2 Rc8 16. Nbd2 cxd4 17. Bxd4 Nfd7 18. h3 Bh5 19. Rc1 Bf6 20. g4 Bg6 21. Nf1
Re8 22. Ng3 d5 23. e5 Bg5 24. Nxg5 Qxg5 25. Bxg6 hxg6 26. Bxb6 Nxb6 27. Rxc8
Rxc8 28. Qd4 Rc1 29. Rxc1 Qxc1+ 30. Kg2 Qc6 31. Ne2 Nc8 32. Nf4 Ne7 33. Nd3 g5
34. Qc5 Kf8 35. Qa7 Ng6 36. Kf1 Nf4 37. Qc5+ Qxc5 38. Nxc5 a5 39. a4 bxa4 40.
bxa4 Ke7 41. Nb7 Ke6 42. Nxa5 Kxe5 43. Nc6+ Kd6 44. Nd4 Kc5 45. Nf5 Ne6 46. Ke2
Kb4 47. Kd3 g6 48. Nd6 f6 49. Ne8 f5 50. gxf5 gxf5 51. Nd6 f4 52. Nb5 Kc5 53.
Nc3 Nd4 54. a5 Nc6 55. Ne4+ dxe4+ 56. Kxe4 Ne7 57. a6 Kb6 58. Ke5 Kxa6 59. Ke6
Ng8 60. Kf5 Kb6 61. Kxg5 Kc6 62. Kxf4 Kd6 63. Kf5 Ke7 64. Kg6 Nf6 65. h4 Ke6
66. f4 Ng4 67. h5 Ke7 68. f5 Kf8 69. h6 Nxh6 70. Kxh6 Kf7 71. Kg5 Kg7 72. f6+
Kf7 73. Kf5 Kf8 74. Kg6 Kg8 75. f7+ Kf8 76. Kf6 1/2-1/2

[Event "FB1 1920 SK Schwäbisch Hall - SV Weiß"]
[Site "?"]
[Date "2020.02.01"]
[Round "5.1"]
[White "Kulon, Klaudia"]
[Black "Kashlinskaya, Alina"]
[Result "1/2-1/2"]
[WhiteElo "2335"]
[BlackElo "2484"]
[PlyCount "68"]
[EventDate "2020.??.??"]

1. c4 e6 2. g3 Nf6 3. Bg2 d5 4. Nf3 dxc4 5. Qc2 Nbd7 6. a4 c5 7. Na3 b6 8. Nxc4
Bb7 9. a5 b5 10. Ne3 a6 11. O-O Rc8 12. b3 Be7 13. Bb2 O-O 14. Rfd1 h6 15. Ne5
Bxg2 16. Kxg2 Nxe5 17. Bxe5 Nd7 18. Bc3 Bf6 19. Qb2 Qc7 20. Bxf6 Nxf6 21. d4
Rfd8 22. dxc5 Qxc5 23. b4 Qc6+ 24. f3 Nd5 25. Nxd5 exd5 26. Rac1 Qe6 27. Kf1
Re8 28. Rxc8 Rxc8 29. Qd2 Re8 30. Qc2 Qh3+ 31. Kg1 Qe6 32. Kf1 Qh3+ 33. Kg1 Qe6
34. Kf1 Qh3+ 1/2-1/2

[Event "FB1 1920 SK Schwäbisch Hall - SV Weiß"]
[Site "?"]
[Date "2020.02.01"]
[Round "5.2"]
[White "Javakhishvili, Lela"]
[Black "Von Herman, Brigitte"]
[Result "1-0"]
[WhiteElo "2463"]
[BlackElo "2097"]
[PlyCount "43"]
[EventDate "2020.??.??"]

1. d4 Nf6 2. c4 e6 3. Nf3 Bb4+ 4. Bd2 Qe7 5. g3 Nc6 6. Nc3 O-O 7. Bg2 d6 8. O-O
Bxc3 9. Bxc3 e5 10. d5 Nb8 11. c5 a5 12. Rc1 Ne4 13. Qc2 f5 14. cxd6 cxd6 15.
Nd2 Nxd2 16. Bxd2 b6 17. Qxc8 Rxc8 18. Rxc8+ Kf7 19. Rfc1 Ra7 20. Rxb8 Rc7 21.
Rc6 Rb7 22. Bg5 1-0

[Event "FB1 1920 SK Schwäbisch Hall - SV Weiß"]
[Site "?"]
[Date "2020.02.01"]
[Round "5.3"]
[White "Schulz, Petra"]
[Black "Bulmaga, Irina"]
[Result "0-1"]
[WhiteElo "2044"]
[BlackElo "2453"]
[PlyCount "56"]
[EventDate "2020.??.??"]

1. e4 Nf6 2. e5 Nd5 3. c4 Nb6 4. d4 d6 5. exd6 cxd6 6. Be3 g6 7. Nc3 Bg7 8. Rc1
O-O 9. b3 Bf5 10. Nf3 d5 11. c5 Nc8 12. Bd3 Bg4 13. Be2 Nc6 14. h3 Bxf3 15.
Bxf3 e6 16. Qd2 N8e7 17. Ne2 Nf5 18. Rd1 b6 19. cxb6 Qxb6 20. h4 Rac8 21. g4
Nb4 22. Kf1 Rc2 23. Qe1 Nxe3+ 24. fxe3 Nxa2 25. Rb1 Rfc8 26. g5 Nc3 27. Nxc3
R2xc3 28. b4 Bxd4 0-1

[Event "FB1 1920 SK Schwäbisch Hall - SV Weiß"]
[Site "?"]
[Date "2020.02.01"]
[Round "5.4"]
[White "Batsiashvili, Nino"]
[Black "Daemering, Katrin"]
[Result "1-0"]
[WhiteElo "2456"]
[BlackElo "1999"]
[PlyCount "83"]
[EventDate "2020.??.??"]

1. d4 c5 2. d5 e5 3. e4 a6 4. f4 d6 5. Nf3 Nd7 6. Nc3 b5 7. a4 b4 8. Ne2 g6 9.
fxe5 dxe5 10. Ng3 Bg7 11. a5 Ne7 12. Bc4 O-O 13. O-O h6 14. Be3 Bb7 15. Qd2 Kh7
16. Ne1 Nc8 17. d6 Qe8 18. Rd1 Bc6 19. Qf2 Qd8 20. Bxc5 Qxa5 21. Nd3 Nxc5 22.
Qxc5 Qxc5+ 23. Nxc5 Rd8 24. d7 Nb6 25. Rd6 Nxc4 26. Rxc6 Na5 27. Rc7 Bf8 28.
Rxf7+ Kg8 29. Rf6 Kg7 30. Rf3 Bxc5+ 31. Rxc5 Nb7 32. Rd5 a5 33. b3 a4 34. bxa4
Rxa4 35. Rfd3 Rf8 36. Rd1 Nd8 37. Rxe5 Ra2 38. Re7+ Kg8 39. Rf1 Rxf1+ 40. Nxf1
Ra8 41. e5 Kf8 42. Re8+ 1-0

[Event "FB1 1920 SK Schwäbisch Hall - SV Weiß"]
[Site "?"]
[Date "2020.02.01"]
[Round "5.5"]
[White "Just, Anita"]
[Black "Mkrtchian, Lilit"]
[Result "0-1"]
[WhiteElo "1902"]
[BlackElo "2399"]
[PlyCount "74"]
[EventDate "2020.??.??"]

1. e4 e6 2. d4 d5 3. Nc3 Bb4 4. e5 Ne7 5. Nf3 c5 6. a3 Ba5 7. Bd3 Nbc6 8. O-O
cxd4 9. Nb5 Ng6 10. Qe2 O-O 11. Nbxd4 Ngxe5 12. Bxh7+ Kxh7 13. Ng5+ Kg6 14.
Nxc6 Nxc6 15. Qg4 f5 16. Qg3 Bc7 17. f4 Kf6 18. b4 Ke7 19. Bb2 Bb6+ 20. Kh1 d4
21. b5 Na5 22. Qd3 Qd5 23. Rae1 Nc4 24. Ba1 Bd7 25. c3 Ne3 26. Rf2 Qxb5 27. Qd2
Nc4 28. Qa2 d3 29. a4 Qd5 30. Rd2 Rf6 31. Bb2 Bc6 32. Ba3+ Ke8 33. Nf3 Nxd2 34.
Qxd2 Qxf3 35. gxf3 Bxf3+ 36. Qg2 Bxg2+ 37. Kxg2 d2 0-1

[Event "FB1 1920 SK Schwäbisch Hall - SV Weiß"]
[Site "?"]
[Date "2020.02.01"]
[Round "5.6"]
[White "Ambartsumova, Karina"]
[Black "Winter, Astrid"]
[Result "1-0"]
[WhiteElo "2361"]
[BlackElo "1939"]
[PlyCount "89"]
[EventDate "2020.??.??"]

1. Nf3 Nf6 2. c4 c5 3. Nc3 Nc6 4. d4 cxd4 5. Nxd4 d6 6. e4 Qa5 7. Nb3 Qd8 8.
Be2 g6 9. O-O Bg7 10. Be3 O-O 11. f4 Be6 12. Rc1 Rc8 13. f5 Bd7 14. c5 Be8 15.
cxd6 exd6 16. Nd5 Nxd5 17. exd5 Ne5 18. Rxc8 Qxc8 19. f6 Bh8 20. Bh6 Qd8 21.
Bxf8 Kxf8 22. Qd4 Bxf6 23. Qxa7 Qe7 24. Qf2 Bg7 25. Nd4 Kg8 26. h3 Qc7 27. Bb5
Qe7 28. Bxe8 Qxe8 29. Qc2 Qd7 30. Nf3 h6 31. Nxe5 Bxe5 32. b3 Kg7 33. Kh1 Qd8
34. Qf2 Qc7 35. a4 f6 36. Qd2 g5 37. Rc1 Qd7 38. Qc2 b6 39. Qc7 Qxc7 40. Rxc7+
Kg6 41. b4 Kf5 42. a5 bxa5 43. bxa5 Ke4 44. a6 Bd4 45. Rc4 1-0

[Event "FB1 1920 SC Bad Königshofen 1957 - Hamb"]
[Site "?"]
[Date "2020.02.02"]
[Round "6.1"]
[White "Padmini, Rout"]
[Black "Schneider, Jana"]
[Result "0-1"]
[WhiteElo "2372"]
[BlackElo "2280"]
[PlyCount "126"]
[EventDate "2020.??.??"]

1. e4 e5 2. Nf3 Nc6 3. Bb5 a6 4. Ba4 Nf6 5. O-O Be7 6. d3 b5 7. Bb3 d6 8. c3
O-O 9. Re1 Na5 10. Bc2 c5 11. Nbd2 Re8 12. Nf1 Nc6 13. h3 h6 14. a4 b4 15. Bd2
Be6 16. cxb4 Nxb4 17. Bxb4 cxb4 18. d4 Qa5 19. Ng3 Bd8 20. Bb3 Bb6 21. Bxe6
Rxe6 22. d5 Ree8 23. Nd2 Qc5 24. Qe2 Rec8 25. Nf5 Qc7 26. a5 Bxa5 27. Nc4 Qxc4
28. Ne7+ Kf8 29. Nxc8 Qxe2 30. Rxe2 Bc7 31. Rc2 Rxc8 32. Rc4 a5 33. Rxa5 Bxa5
34. Rxc8+ Ke7 35. Rb8 Nxe4 36. Rb5 Bc7 37. Rxb4 Nf6 38. Rb5 Nd7 39. g4 Bb6 40.
Kg2 Bc5 41. Kf3 Kd8 42. h4 Kc7 43. g5 hxg5 44. hxg5 f6 45. gxf6 Nxf6 46. Ra5
Nxd5 47. Ra1 g6 48. Ke2 Nf4+ 49. Kf1 Kb6 50. f3 d5 51. Ra8 Kb5 52. Re8 Bd4 53.
b3 Kb4 54. Rb8+ Kc3 55. b4 e4 56. fxe4 dxe4 57. Rf8 g5 58. Rf5 e3 59. Rxg5 e2+
60. Ke1 Kc2 61. Rg3 Bc3+ 62. Rxc3+ Kxc3 63. b5 Kd3 0-1